Vagyon elleni bűncselekmények okai és megelőzésükre tehető lépések a magyar szállodaipar területén

Bibliographic Details
Main Author: Kocsis Vanda Krisztina
Other Authors: Fenyvesi Dr. Éva
Format: Thesis
Kulcsszavak:Bűncselekmény
Vagyon elleni bűncselekmények
Vagyon elleni bűncselekmények a szállodákban
Bűncselekmények megelőzése
Bestpractice IBIS Styles
Online Access:http://dolgozattar.uni-bge.hu/23069

MARC

LEADER 00000nta a2200000 i 4500
001 dolg23069
005 20200228143609.0
008 191120suuuu hu om 000 hun d
040 |a BGE Dolgozattár Repozitórium  |b hun 
041 |a hu 
100 1 |a Kocsis Vanda Krisztina 
245 1 0 |a Vagyon elleni bűncselekmények okai és megelőzésükre tehető lépések a magyar szállodaipar területén  |c Kocsis Vanda Krisztina  |h [elektronikus dokumentum] 
246 1 1 |a Vagyon elleni bűncselekmények okai és megelőzésükre tehető lépések a magyar szállodaipar területén 
246 1 1 |a Steps to take in case of offences against assets in the Hungarian hotel industry 
695 |a Bűncselekmény 
695 |a Vagyon elleni bűncselekmények 
695 |a Vagyon elleni bűncselekmények a szállodákban 
695 |a Bűncselekmények megelőzése 
695 |a Bestpractice IBIS Styles 
700 1 |a Fenyvesi Dr. Éva  |e ths 
856 4 0 |u http://dolgozattar.uni-bge.hu/23069/1/Kocsis%20Vanda_SHSKN9_TV.pdf  |z Dokumentum-elérés